Open strategic innovations
Strategická inovácia. Otvorená inovácia. Implementácia inovačného procesu.
Gespeichert in:
| 1. Verfasser: | |
|---|---|
| Format: | Buchkapitel |
| Sprache: | Englisch |
| Schlagworte: | |
| Tags: |
Keine Tags, Fügen Sie das erste Tag hinzu!
|
MARC
| LEADER | 00000naa$a2200000$$$4500 | ||
|---|---|---|---|
| 001 | 0082719 | ||
| 005 | 20240502083220.0 | ||
| 041 | 0 | |a eng | |
| 044 | |a UA | ||
| 245 | 1 | 0 | |a Open strategic innovations |c Lenka Dubovická |
| 520 | |a Strategická inovácia. Otvorená inovácia. Implementácia inovačného procesu. | ||
| 610 | 2 | 0 | |a inovácia |
| 610 | 2 | 0 | |a stratégia inovačná |
| 610 | 2 | 0 | |a stratégia podnikateľská |
| 100 | 1 | |a Dubovická, Lenka | |